000 01067nam a2200313 a 4500
999 _c10787
_d10787
001 282768
003 OSt
005 20210304154320.0
008 840511m19671983tnu b 001 0 eng
010 _a 67015948
020 _a0801056136 (v. 2)
040 _aDLC
_cDLC
_dDLC
050 0 0 _aZ7826
_bL776R
082 0 0 _a016.251
_219
_bL776R
245 0 0 _aRecent homiletical thought :
_ba bibliography.
260 _aNashville :
_bAbingdon Press,
_cc1967-c1983.
300 _a2 v. ;
_c23 cm.
500 _aVol. 2 has subtitle: An annotated bibliography.
500 _aVol. 2 published: Grand Rapids, Mich. : Baker Book House.
500 _aIncludes indexes.
505 0 _a[1] 1935-1965 / edited by William Toohey and William D. Thompson -- v. 2. 1966-1979 / edited by A. Duane Litfin and Haddon W. Robinson.
650 0 _aPreaching
_xBibliography.
700 1 _aToohey, William.
700 1 _aThompson, William D.
700 1 _aLitfin, A. Duane.
700 1 _aRobinson, Haddon W.
906 _a7
_bcbc
_corignew
_d2
_eocip
_f19
_gy-gencatlg
942 _2ddc
_cBK